[Event "Moscow-ch U18"]
[Site "Moscow"]
[Date "2010.12.06"]
[Round "8"]
[White "Apryshko, Gleb"]
[Black "Surikov, Roman"]
[Result "1-0"]
[WhiteElo "2295"]
[BlackElo "2063"]
[PlyCount "85"]
[EventDate "2010.11.21"]
[EventType "swiss"]
[EventRounds "9"]
[EventCountry "RUS"]
[SourceTitle "EXT 2012"]
[Source "ChessBase"]
[SourceDate "2011.11.24"]
[SourceVersion "1"]
[SourceVersionDate "2011.11.24"]
[SourceQuality "1"]

1. e4 c6 2. d4 d5 3. e5 Bf5 4. Nd2 e6 5. Nb3 Nd7 6. Be3 Ne7 7. Be2 Bg6 8. h4 h6 9. h5 Be4 10. f3 Bh7 11. g4 c5 12. Nxc5 Nxc5 13. dxc5 Nc6 14. c3 Nxe5 15. Bb5+ Nc6 16. Qa4 Qc8 17. Qd4 Qd7 18. Bxc6 Qxc6 19. Nh3 Rc8 20. b4 b6 21. cxb6 axb6 22. Rc1 b5 23. Bxh6 f6 24. Bd2 Bd6 25. h6 Be5 26. hxg7 Rg8 27. Qe3 Rxg7 28. Nf4 Bxf4 29. Qxf4 Rf7 30. Rh6 Qc7 31. Qe3 Qg3+ 32. Kf1 Kd7 33. Re1 Rc6 34. a4 Qb8 35. a5 Bc2 36. Kg2 Qd6 37. Rh8 e5 38. Qa7+ Qc7 39. Qa8 Re7 40. Be3 Bg6 41. Bb6 Rxb6 42. axb6 Qxc3 43. Qxd5# 1-0

[Event "RUS-chT U20"]
[Site "Rybinsk"]
[Date "2010.08.03"]
[Round "2"]
[White "Surikov, Roman"]
[Black "Palachev, Petr"]
[Result "1/2-1/2"]
[WhiteElo "2062"]
[BlackElo "2201"]
[PlyCount "72"]
[EventDate "2010.08.02"]
[EventType "team-swiss"]
[EventRounds "9"]
[EventCountry "RUS"]
[SourceTitle "EXT 2011"]
[Source "ChessBase"]
[SourceDate "2010.11.26"]
[SourceVersion "1"]
[SourceVersionDate "2010.11.26"]
[SourceQuality "1"]

1. e4 c6 2. d4 d5 3. exd5 cxd5 4. c4 Nf6 5. Nc3 e6 6. Nf3 Be7 7. cxd5 Nxd5 8. Bd3 Nc6 9. 0-0 0-0 10. Re1 Bf6 11. Be4 a6 12. Qb3 Nxd4 13. Nxd4 Bxd4 14. Nxd5 exd5 15. Bxd5 Qf6 16. Qf3 Qxf3 17. Bxf3 a5 18. Re2 Ra6 19. Be3 Bxe3 20. Rxe3 Rb6 21. Re2 Be6 22. Rd2 Rc8 23. Rad1 Kf8 24. a3 Ke7 25. g3 Rc5 26. Bd5 Bxd5 27. Rxd5 Rxd5 28. Rxd5 Rxb2 29. Rxa5 Kd6 30. Kg2 Rb6 31. Rf5 f6 32. h4 Ra6 33. Rf3 Ra5 34. Rb3 Kc6 35. Kf3 b6 36. Ke4 g6 1/2-1/2

[Event "RUS-chT Clubs U18"]
[Site "Rybinsk"]
[Date "2009.08.10"]
[Round "9"]
[White "Surikov, Roman"]
[Black "Yuffa, Daniil"]
[Result "0-1"]
[WhiteElo "1984"]
[BlackElo "2138"]
[PlyCount "180"]
[EventDate "2009.08.02"]
[EventType "team-swiss"]
[EventRounds "9"]
[EventCountry "RUS"]
[SourceTitle "CBM 131 Extra"]
[Source "ChessBase"]
[SourceDate "2009.09.03"]
[SourceVersion "2"]
[SourceVersionDate "2009.09.16"]
[SourceQuality "1"]

1. d4 g6 2. c4 Bg7 3. Nc3 c5 4. Nf3 cxd4 5. Nxd4 Nc6 6. Nc2 Bxc3+ 7. bxc3 Qa5 8. Bb2 Nf6 9. g3 0-0 10. Bg2 d6 11. 0-0 Ne5 12. Ne3 Be6 13. Nd5 Bxd5 14. cxd5 Nc4 15. Bc1 Rac8 16. Bh6 Rfe8 17. Qd4 Ne5 18. Rfc1 Rc4 19. Qd2 Rec8 20. Rab1 b6 21. Rb3 Ra4 22. Rc2 Qc5 23. Be3 Qc4 24. Bd4 Qc7 25. e4 Nc4 26. Qc1 Ne5 27. Qd2 Qc4 28. h3 Qd3 29. Qxd3 Nxd3 30. Rd2 Nc5 31. Bxc5 Rxc5 32. f3 Nd7 33. Bf1 Raa5 34. Kf2 Rc7 35. Bb5 Nc5 36. Rb4 Ra3 37. Rc2 Nb7 38. Rb3 Ra5 39. Be2 Nc5 40. Rb1 Ra3 41. Bb5 Kg7 42. Bc6 Nd3+ 43. Ke3 Ne5 44. f4 Nxc6 45. dxc6 Rxc6 46. Kd3 Rc5 47. Rbb2 Ra4 48. Re2 b5 49. Rb3 a6 50. Rc2 g5 51. Rf2 h6 52. Rg2 Rcc4 53. Re2 Kf8 54. fxg5 hxg5 55. h4 Rc5 56. Rf2 Re5 57. h5 g4 58. h6 Rh5 59. Rb1 Rxh6 60. Rf4 Rxa2 61. Rxg4 Rg6 62. Rxg6 fxg6 63. Kd4 Rd2+ 64. Ke3 Rc2 65. Kd4 Kf7 66. Ra1 Rg2 67. Rxa6 Rxg3 68. Ra5 e5+ 69. Kd5 Rd3+ 70. Kc6 Ke6 71. Ra8 Rxc3+ 72. Kxb5 Re3 73. Re8+ Kf7 74. Rd8 Ke7 75. Rg8 Kf6 76. Kc6 Rxe4 77. Kxd6 Rd4+ 78. Kc5 Rd1 79. Rf8+ Kg5 80. Re8 Re1 81. Kd5 Kg4 82. Ra8 g5 83. Ra4+ e4 84. Ra2 Kf3 85. Ra7 g4 86. Rf7+ Kg2 87. Kd4 g3 88. Rg7 Re2 89. Rh7 Kg1 90. Rg7 g2 0-1

[Event "RUS-chT Clubs U18"]
[Site "Rybinsk"]
[Date "2009.08.09"]
[Round "8"]
[White "Piskovets, Nikita"]
[Black "Surikov, Roman"]
[Result "1/2-1/2"]
[WhiteElo "2031"]
[BlackElo "1984"]
[PlyCount "80"]
[EventDate "2009.08.02"]
[EventType "team-swiss"]
[EventRounds "9"]
[EventCountry "RUS"]
[SourceTitle "CBM 131 Extra"]
[Source "ChessBase"]
[SourceDate "2009.09.03"]
[SourceVersion "2"]
[SourceVersionDate "2009.09.16"]
[SourceQuality "1"]

1. e4 c5 2. Nf3 d6 3. d4 cxd4 4. Nxd4 Nf6 5. Nc3 a6 6. f4 e6 7. Qf3 Nbd7 8. g4 h6 9. h4 Qb6 10. Nb3 Nc5 11. Be3 Qc7 12. Nxc5 dxc5 13. e5 Nd5 14. Nxd5 exd5 15. Qxd5 Bxg4 16. Bg2 Rb8 17. 0-0 Qd7 18. Qxd7+ Kxd7 19. f5 Be7 20. Bd5 Ke8 21. Rf4 h5 22. f6 gxf6 23. exf6 Bd6 24. Re4+ Kf8 25. Bf4 Bxf4 26. Rxf4 Rg8 27. Kf2 Rd8 28. c4 b5 29. b3 bxc4 30. Bxc4 Rd6 31. Re1 Rg6 32. Re7 Rgxf6 33. Rxf7+ Rxf7 34. Rxf7+ Ke8 35. Rc7 Rd2+ 36. Ke3 Rxa2 37. Rxc5 Rh2 38. Bxa6 Rh3+ 39. Kf4 Rxb3 40. Re5+ Kf8 1/2-1/2

[Event "RUS-chT Clubs U18"]
[Site "Rybinsk"]
[Date "2009.08.06"]
[Round "5"]
[White "Surikov, Roman"]
[Black "Arbuzov, Ivan"]
[Result "1/2-1/2"]
[WhiteElo "1984"]
[BlackElo "1799"]
[PlyCount "129"]
[EventDate "2009.08.02"]
[EventType "team-swiss"]
[EventRounds "9"]
[EventCountry "RUS"]
[SourceTitle "CBM 131 Extra"]
[Source "ChessBase"]
[SourceDate "2009.09.03"]
[SourceVersion "2"]
[SourceVersionDate "2009.09.16"]
[SourceQuality "1"]

1. e4 c6 2. d4 d5 3. exd5 cxd5 4. Bf4 Nc6 5. Nc3 a6 6. Nf3 Bg4 7. Be2 e6 8. 0-0 Bd6 9. Bxd6 Qxd6 10. Na4 Nf6 11. c3 0-0 12. Nc5 b6 13. Nd3 Nd7 14. Qd2 f6 15. Qf4 Qxf4 16. Nxf4 g5 17. Nd3 Rad8 18. Rfe1 Bf5 19. a3 a5 20. h3 Kf7 21. Rad1 Na7 22. Bf1 Nc8 23. Nd2 Nd6 24. f3 h5 25. Rc1 Rc8 26. b3 Rc7 27. c4 Rfc8 28. cxd5 exd5 29. Rxc7 Rxc7 30. Rc1 Rxc1 31. Nxc1 Nb8 32. Kf2 Nc6 33. Ke3 Bc2 34. g4 hxg4 35. hxg4 f5 36. f4 gxf4+ 37. Kxf4 fxg4 38. Kxg4 Nxd4 39. Kf4 Ke6 40. Bh3+ Bf5 41. Bxf5+ N6xf5 42. Nd3 Nc2 43. a4 Nfd4 44. Kg5 Kd6 45. Kf6 Na1 46. b4 axb4 47. Nxb4 Nab3 48. Nb1 Ne2 49. Na3 Nc3 50. Nd3 Nc5 51. Nb2 N5xa4 52. Nd3 Nc5 53. Nb4 N5e4+ 54. Kf5 Ne2 55. Nd3 N4c3 56. Kg4 d4 57. Kf3 Kc6 58. Kf2 b5 59. Ke1 Ng3 60. Ne5+ Kd5 61. Nf3 b4 62. Nxd4 bxa3 63. Nc2 a2 64. Nb4+ Kc4 65. Nxa2 1/2-1/2

[Event "RUS-ch U14"]
[Site "Dagomys"]
[Date "2009.04.15"]
[Round "1"]
[White "Khatoev, Eduard"]
[Black "Surikov, Roman"]
[Result "1-0"]
[WhiteElo "2157"]
[BlackElo "1974"]
[PlyCount "43"]
[EventDate "2009.04.15"]
[EventType "swiss"]
[EventRounds "9"]
[EventCountry "RUS"]
[SourceTitle "CBM 130 Extra"]
[Source "ChessBase"]
[SourceDate "2009.07.02"]
[SourceVersion "2"]
[SourceVersionDate "2009.07.15"]
[SourceQuality "1"]

1. d4 Nf6 2. Nf3 e6 3. e3 d5 4. Bd3 Be7 5. Nbd2 0-0 6. 0-0 c5 7. c3 b6 8. dxc5 Bxc5 9. e4 Bb7 10. e5 Ne4 11. Qc2 Nd7 12. Nxe4 dxe4 13. Bxe4 Bxe4 14. Qxe4 Be7 15. Be3 Qc7 16. Rad1 Rfd8 17. Rd2 h6 18. Rfd1 Rac8 19. h4 a6 20. Qa4 Nxe5 21. Rxd8+ Bxd8 22. Nxe5 1-0

[Event "Moscow Petrosian Memorial U18"]
[Site "Moscow"]
[Date "2008.01.??"]
[Round "1"]
[White "Aldokhin, Ivan"]
[Black "Surikov, Roman"]
[Result "1-0"]
[WhiteElo "2172"]
[BlackElo "1983"]
[PlyCount "109"]
[EventDate "2008.01.??"]
[EventType "swiss"]
[EventRounds "9"]
[EventCountry "RUS"]
[SourceTitle "CBM 122 Extra"]
[Source "ChessBase"]
[SourceDate "2008.03.04"]
[SourceVersion "1"]
[SourceVersionDate "2008.03.04"]
[SourceQuality "1"]

1. e4 c5 2. Nf3 d6 3. d4 cxd4 4. Nxd4 Nf6 5. Nc3 a6 6. f3 e6 7. g4 b5 8. Be3 Bb7 9. Qd2 Be7 10. 0-0-0 Nfd7 11. g5 Nb6 12. Bd3 N8d7 13. Qg2 Qc7 14. Qh3 Ne5 15. g6 Nxg6 16. Rhg1 Nc4 17. Bxc4 Qxc4 18. Nb3 Rc8 19. Kb1 Qc7 20. Rd2 Bf6 21. Bd4 Bxd4 22. Nxd4 b4 23. Nce2 Ne5 24. b3 g6 25. f4 Nc6 26. Qe3 Nxd4 27. Qxd4 0-0 28. Qxb4 Qc6 29. Ng3 Rfd8 30. Rgd1 d5 31. c4 Qc7 32. f5 a5 33. Qc3 dxe4 34. Nh5 e5 35. Qxe5 Qxe5 36. Rxd8+ Qe8 37. Rxe8+ Rxe8 38. Nf6+ Kf8 39. Nxe8 Kxe8 40. f6 g5 41. a3 h5 42. b4 axb4 43. axb4 g4 44. b5 e3 45. Re1 Kd7 46. Rxe3 Bf3 47. h4 Kd6 48. Kb2 Kc5 49. Kc3 Bg2 50. Re5+ Kb6 51. Kb4 Bf3 52. c5+ Kc7 53. Rxh5 g3 54. Rg5 g2 55. h5 1-0

[Event "Moscow Petrosian Memorial U18"]
[Site "Moscow"]
[Date "2008.01.??"]
[Round "2"]
[White "Surikov, Roman"]
[Black "Sysoykina, Lidia"]
[Result "1-0"]
[WhiteElo "1983"]
[BlackElo "1737"]
[PlyCount "103"]
[EventDate "2008.01.??"]
[EventType "swiss"]
[EventRounds "9"]
[EventCountry "RUS"]
[SourceTitle "CBM 122 Extra"]
[Source "ChessBase"]
[SourceDate "2008.03.04"]
[SourceVersion "1"]
[SourceVersionDate "2008.03.04"]
[SourceQuality "1"]

1. e4 d6 2. d4 Nf6 3. Nc3 Nbd7 4. g3 e5 5. Nge2 Be7 6. Bg2 c6 7. a4 0-0 8. 0-0 a6 9. h3 Rb8 10. g4 b5 11. axb5 axb5 12. Ng3 Ne8 13. Nf5 Bg5 14. Bxg5 Qxg5 15. f4 exf4 16. h4 Qd8 17. Rxf4 Nb6 18. g5 f6 19. Ra7 Bxf5 20. Rxf5 Nc4 21. Qh5 Qb6 22. Re7 Qxd4+ 23. Kh1 Ne3 24. Rf2 Nxg2 25. Kxg2 Qc4 26. Rf3 Qd4 27. Ne2 Qd2 28. Rf2 Qd1 29. Qg4 f5 30. exf5 Qd5+ 31. Qe4 Qxe4+ 32. Rxe4 Nc7 33. Nd4 c5 34. Ne6 Nxe6 35. Rxe6 Rbd8 36. Kg3 Kf7 37. Rfe2 Rfe8 38. Rxe8 Rxe8 39. Rxe8 Kxe8 40. Kf4 Ke7 41. Ke4 h5 42. Kd5 c4 43. c3 Kd7 44. f6 g6 45. f7 Ke7 46. f8B+ Kxf8 47. Kxd6 Kf7 48. Kd7 Kf8 49. Ke6 Kg7 50. Ke7 Kg8 51. Kf6 Kh7 52. Kf7 1-0

[Event "Moscow Petrosian Memorial U18"]
[Site "Moscow"]
[Date "2007.01.??"]
[Round "2"]
[White "Dolbnia, Dmitry"]
[Black "Surikov, Roman"]
[Result "1-0"]
[WhiteElo "2062"]
[BlackElo "1917"]
[PlyCount "105"]
[EventDate "2007.01.??"]
[EventType "swiss"]
[EventRounds "9"]
[EventCountry "RUS"]
[SourceTitle "EXT 2008"]
[Source "ChessBase"]
[SourceDate "2007.11.25"]
[SourceVersion "1"]
[SourceVersionDate "2007.11.25"]
[SourceQuality "1"]

1. e4 c6 2. d4 d5 3. exd5 cxd5 4. c4 Nf6 5. Nc3 e6 6. Nf3 Nc6 7. c5 Ne4 8. Qc2 Qa5 9. a3 Nxc3 10. bxc3 e5 11. dxe5 Bxc5 12. Bd3 Nd4 13. Qb2 Nxf3+ 14. gxf3 a6 15. Bd2 Qb6 16. Qxb6 Bxb6 17. Be3 Ba5 18. Bd4 Be6 19. f4 g6 20. Kd2 Rg8 21. Rhb1 0-0-0 22. Bb6 Bxb6 23. Rxb6 Kc7 24. Rab1 Rb8 25. Ke3 Bd7 26. Kd4 Bc6 27. Kc5 Ra8 28. a4 Rgd8 29. R1b4 Rd7 30. a5 Rdd8 31. Be2 Rd7 32. Rd4 Kb8 33. Bf3 Ka7 34. c4 Rc8 35. Kb4 Rcd8 36. cxd5 Bxd5 37. Bxd5 Rxd5 38. Rxd5 Rxd5 39. Rf6 Rd7 40. Kc5 Kb8 41. f5 gxf5 42. Rxf5 Kc7 43. Rh5 f6 44. exf6 Rf7 45. Rf5 Kd7 46. Kd5 Ke8 47. Ke6 Rc7 48. f7+ Kf8 49. Rd5 Rxf7 50. Rd8+ Kg7 51. Rd7 Rxd7 52. Kxd7 Kf6 53. Kc7 1-0

[Event "Moscow Petrosian Memorial U18"]
[Site "Moscow"]
[Date "2007.01.??"]
[Round "3"]
[White "Surikov, Roman"]
[Black "Pozdeev, Nikita"]
[Result "0-1"]
[WhiteElo "1917"]
[BlackElo "1942"]
[PlyCount "92"]
[EventDate "2007.01.??"]
[EventType "swiss"]
[EventRounds "9"]
[EventCountry "RUS"]
[SourceTitle "EXT 2008"]
[Source "ChessBase"]
[SourceDate "2007.11.25"]
[SourceVersion "1"]
[SourceVersionDate "2007.11.25"]
[SourceQuality "1"]

1. e4 e6 2. d4 d5 3. exd5 exd5 4. Bd3 Nc6 5. Nf3 Bg4 6. c3 Qd7 7. Bf4 Bd6 8. Bxd6 Qxd6 9. Nbd2 Nge7 10. h3 Bh5 11. 0-0 f6 12. Qc2 Bg6 13. Bxg6+ hxg6 14. Rfe1 0-0-0 15. Nb3 Rde8 16. Re2 b6 17. Rae1 Qd7 18. c4 dxc4 19. Qxc4 Nf5 20. Rxe8+ Rxe8 21. Rxe8+ Qxe8 22. Qa6+ Kb8 23. d5 Nd8 24. Qc4 Qd7 25. Nfd4 Ne7 26. Ne6 Nxd5 27. Nxd8 Qxd8 28. Qd3 g5 29. Nd4 Qd7 30. Nf5 c6 31. Ng3 Qe6 32. Qh7 Qe1+ 33. Kh2 Qxf2 34. Qg8+ Kb7 35. Qxg7+ Ka6 36. Qd7 Qc2 37. Qc8+ Ka5 38. a3 Ne3 39. b4+ Ka4 40. Qa6+ Kb3 41. Ne2 Kb2 42. Kg1 Qe4 43. Kf2 Nd1+ 44. Ke1 Nc3 45. Kd2 Qxg2 46. Qd3 Qxe2+ 0-1

[Event "Moscow Petrosian Memorial U18"]
[Site "Moscow"]
[Date "2007.01.??"]
[Round "7"]
[White "Surikov, Roman"]
[Black "Ustinov, Alexey"]
[Result "1-0"]
[WhiteElo "1917"]
[BlackElo "1986"]
[PlyCount "85"]
[EventDate "2007.01.??"]
[EventType "swiss"]
[EventRounds "9"]
[EventCountry "RUS"]
[SourceTitle "EXT 2008"]
[Source "ChessBase"]
[SourceDate "2007.11.25"]
[SourceVersion "1"]
[SourceVersionDate "2007.11.25"]
[SourceQuality "1"]

1. e4 c5 2. Nf3 d6 3. d4 cxd4 4. Nxd4 Nf6 5. Nc3 a6 6. Be2 e5 7. Nb3 Be7 8. 0-0 0-0 9. a4 Be6 10. f4 exf4 11. Rxf4 Nbd7 12. Be3 Ne5 13. Nd4 Nfd7 14. Rf1 Rc8 15. Nf5 Bxf5 16. exf5 Nc4 17. Bxc4 Rxc4 18. Qd3 Ne5 19. Qd5 Qc7 20. Bd4 Bf6 21. Ne4 Nf3+ 22. Rxf3 Bxd4+ 23. Kh1 Bxb2 24. Rb1 Rxc2 25. f6 Rc1+ 26. Rf1 Rxb1 27. Rxb1 Qc2 28. Rf1 Bxf6 29. Nxf6+ gxf6 30. Qxd6 Qxa4 31. Qxf6 Qc6 32. Qb2 Rc8 33. Qb3 Qc7 34. Qe3 Qc5 35. Qf4 Qh5 36. Rf3 Rc6 37. Qb8+ Kg7 38. Qf4 Rg6 39. Qxf7+ Kh8 40. Qf8+ Rg8 41. Qf6+ Rg7 42. Qd8+ Rg8 43. Qd4+ 1-0